| 000 | 00477nam a22001937a 4500 | ||
|---|---|---|---|
| 001 | 13417 | ||
| 005 | 20251117131451.0 | ||
| 008 | 251117b |||||||| |||| 00| 0 eng d | ||
| 020 | _a9780719541353 | ||
| 020 | _a0719541352 | ||
| 082 |
_a541.9 _bCOO |
||
| 100 |
_aD.G. Cooper _926094 |
||
| 245 | _aChemical Periodicity | ||
| 250 | _a2nd ed. | ||
| 260 |
_aLondon: _bJohn Murray, _cc1984. |
||
| 300 |
_a54p.: _bill. _c22 cm |
||
| 650 | _2Chemical Periodicity | ||
| 942 |
_2ddc _cBK |
||
| 999 |
_c13417 _d13417 |
||